000 00602nam a2200229Ia 4500
003 OSt
005 20221006165404.0
006 a|||||r|||| 00| 0
007 ta
008 221006b |||||||| |||| 00| 0 eng d
024 _a1,007
037 _cTextual
040 _aFML
_cFML
_beng
041 _2eng
_aeng
082 _aO30,1C92:g, 111L7
100 _aIlamgo Adigal Au.
_9679742
245 0 _aSilappadi Kaavam
260 _aDelhi
_bAgam Prakashan
_c1977
300 _a190
_ccm.
942 _hO30,1C92:g, 111L7
_cTEXL
_2CC
999 _c1120648
_d1120648